[Event "MCR mladeze 2014, Open A"]
[Site "Kouty nad Desnou"]
[Date "2014.03.11"]
[Round "5"]
[White "Miklasova, Emma"]
[Black "Korsa, Jiri"]
[Result "1/2-1/2"]
[WhiteElo "1590"]
[BlackElo "1716"]
[PlyCount "132"]
[EventDate "2014.03.08"]

1. d4 g6 2. c3 Bg7 3. Nf3 d6 4. Bf4 Nc6 5. e3 Bd7 6. Nbd2 e5 7. Bg3 h6 8. Bb5
Nge7 9. O-O O-O 10. Qc2 g5 11. h3 Kh8 12. Nb3 Ng6 13. Rfd1 Qe8 14. Rd2 Nxd4 15.
cxd4 Bxb5 16. Qxc7 Qc6 17. Qxc6 Bxc6 18. d5 Bd7 19. Rc1 Rfc8 20. Rdc2 Rxc2 21.
Rxc2 Rc8 22. Rxc8+ Bxc8 23. e4 Kg8 24. Nfd2 Kf8 25. Na5 Ke8 26. f3 Kd7 27. Bf2
Kc7 28. Bxa7 b6 29. Nac4 b5 30. Bb6+ Kd7 31. Ne3 Nf4 32. Nf5 Bf8 33. b3 Nd3 34.
a3 Ba6 35. Ne3 Kc8 36. Nc2 Kb7 37. Be3 Be7 38. Nb1 Bd8 39. b4 Nb2 40. Nc3 Nc4
41. Kf2 Bf6 42. Ne2 Kc8 43. Ng3 Be7 44. Nf5 Bf8 45. g3 f6 46. h4 Kd7 47. Bc1
Ke8 48. Nce3 Nb6 49. Ng4 Kf7 50. Nfxh6+ Kg6 51. Nf5 Bc8 52. hxg5 fxg5 53. Nfe3
Bxg4 54. Nxg4 Bh6 55. Kg2 Bg7 56. Nf2 Bf6 57. Kh3 Nd7 58. Kg4 Bd8 59. Kh3 Bb6
60. Nd1 Bd4 61. Kg2 Nb6 62. Nf2 Nc4 63. Nd3 Kf6 64. Nf2 Bb2 65. Bxb2 Nxb2 66.
Kf1 Nc4 1/2-1/2

[Event "MCR mladeze 2014, Open A"]
[Site "Kouty nad Desnou"]
[Date "2014.03.12"]
[Round "6"]
[White "Kislinsky, Alexey"]
[Black "Haring, Filip"]
[Result "1-0"]
[WhiteElo "2500"]
[BlackElo "1791"]
[PlyCount "95"]
[EventDate "2014.??.??"]

1. e4 c5 2. Nc3 Nc6 3. Bb5 Nd4 4. Nf3 Nxb5 5. Nxb5 a6 6. Nc3 d6 7. d4 cxd4 8.
Qxd4 e5 9. Qd3 h6 10. Be3 Nf6 11. O-O-O Be7 12. h3 b5 13. Nd5 Nxd5 14. Qxd5 Be6
15. Qc6+ Bd7 16. Qb6 Qc8 17. Rxd6 Bxd6 18. Qxd6 Qb8 19. Qc5 f6 20. Rd1 Qc8 21.
Qa3 Qc7 22. Nh4 Kf7 23. Bb6 Qc8 24. Rd6 Be6 25. Qf3 h5 26. Nf5 Qe8 27. Ba5 g6
28. Rb6 Kg8 29. Nh4 Qf7 30. Nxg6 Qxg6 31. Rxe6 Rf8 32. Rxa6 Rh7 33. Bb4 Rff7
34. Ra8+ Kg7 35. Ra3 Rh8 36. Qe2 h4 37. g3 Qh5 38. g4 Qh7 39. Rf3 Ra8 40. a3
Rd8 41. Rf5 Rfd7 42. b3 Rd1+ 43. Kb2 Rg1 44. Be7 Rdd1 45. Qxb5 Rb1+ 46. Kc3 Qg8
47. Bxf6+ Kh6 48. Rh5+ 1-0

[Event "MCR mladeze 2014, Open A"]
[Site "Kouty nad Desnou"]
[Date "2014.03.12"]
[Round "6"]
[White "Horak, Jiri"]
[Black "Vanka, Miloslav"]
[Result "1-0"]
[WhiteElo "2150"]
[BlackElo "2145"]
[PlyCount "85"]
[EventDate "2014.??.??"]

1. d4 f5 2. g3 Nf6 3. Bg2 g6 4. c4 Bg7 5. Nc3 O-O 6. Nh3 d6 7. O-O c6 8. d5 e5
9. dxe6 Bxe6 10. Qb3 Qe7 11. Ng5 Bf7 12. Rd1 Na6 13. Bf4 Rad8 14. Qa3 Ne8 15.
Nxf7 Rxf7 16. Bxc6 bxc6 17. Qxa6 Bxc3 18. bxc3 g5 19. Bd2 c5 20. Qc6 f4 21. Qd5
Nc7 22. Qd3 Rdf8 23. Rf1 Rf6 24. f3 Re6 25. Rae1 Ref6 26. gxf4 gxf4 27. Kh1 Rg6
28. Rg1 Kg7 29. Rxg6+ hxg6 30. Rg1 Qe6 31. Rg4 Ne8 32. Bxf4 Rf5 33. Bg5 Nf6 34.
Bxf6+ Rxf6 35. Kg2 Qe5 36. h4 Kh6 37. Re4 Qf5 38. Qe3+ Kg7 39. Qg5 Qd7 40. h5
Qf7 41. Kf2 Kh7 42. hxg6+ Rxg6 43. Re7 1-0

[Event "MCR mladeze 2014, Open A"]
[Site "Kouty nad Desnou"]
[Date "2014.03.12"]
[Round "6"]
[White "Melichar, Vojtech"]
[Black "Haring, Viktor"]
[Result "1/2-1/2"]
[WhiteElo "1952"]
[BlackElo "2109"]
[PlyCount "61"]
[EventDate "2014.??.??"]

1. e4 c5 2. Nf3 e6 3. d4 cxd4 4. Nxd4 a6 5. Bd3 Nf6 6. O-O Qc7 7. Qe2 d6 8. c4
Be7 9. Nc3 Nbd7 10. Bd2 O-O 11. b3 b6 12. Rae1 Bb7 13. Kh1 Rfe8 14. Bb1 Bf8 15.
Qd3 g6 16. Qh3 Bg7 17. Rd1 Rac8 18. Bh6 Qb8 19. Bxg7 Kxg7 20. Qg3 Red8 21. f4
Qc7 22. f5 Re8 23. fxe6 fxe6 24. Nf3 Ne5 25. Nxe5 dxe5 26. Qh4 Rf8 27. Rf3 Rcd8
28. Rdf1 Nh5 29. Rxf8 Rxf8 30. Rxf8 Kxf8 31. Qf2+ 1/2-1/2

[Event "MCR mladeze 2014, Open A"]
[Site "Kouty nad Desnou"]
[Date "2014.03.12"]
[Round "6"]
[White "Hlavac, Rudolf"]
[Black "Vojta, Tomas"]
[Result "0-1"]
[WhiteElo "2000"]
[BlackElo "2343"]
[PlyCount "74"]
[EventDate "2014.??.??"]

1. e4 d5 2. exd5 Nf6 3. d4 Bg4 4. Be2 Bxe2 5. Qxe2 Qxd5 6. Nf3 Nc6 7. c4 Qf5 8.
O-O O-O-O 9. d5 Nb4 10. a3 Nd3 11. Nc3 e5 12. Be3 Nf4 13. Bxf4 exf4 14. Nd4 Qd7
15. Rfd1 h5 16. b4 Kb8 17. c5 Qc8 18. Qb5 Ka8 19. Qa4 h4 20. h3 Rh5 21. Ndb5 a6
22. c6 f3 23. cxb7+ Qxb7 24. Nxc7+ Qxc7 25. Qxa6+ Kb8 26. gxf3 Rg5+ 27. Kf1 Qb7
28. Qa5 Rc8 29. Rd3 Bd6 30. Rad1 Re8 31. Ne4 Nxe4 32. fxe4 Bc7 33. Qc5 Rxe4 34.
Qf8+ Ka7 35. d6 Bb6 36. Rf3 f6 37. d7 Re1+ 0-1

[Event "MCR mladeze 2014, Open A"]
[Site "Kouty nad Desnou"]
[Date "2014.03.12"]
[Round "6"]
[White "Peterson, Eric"]
[Black "Liduch, Filip"]
[Result "1-0"]
[WhiteElo "2237"]
[BlackElo "1901"]
[PlyCount "89"]
[EventDate "2014.??.??"]

1. e4 e5 2. Nf3 Nc6 3. Bb5 Nf6 4. O-O Nxe4 5. Re1 Nd6 6. Nxe5 Be7 7. Bf1 O-O 8.
d4 Nf5 9. c3 d5 10. Bf4 Nxe5 11. Bxe5 Bd6 12. Qf3 c6 13. Bd3 Ne7 14. Nd2 Ng6
15. Qh5 f5 16. Nf3 Nf4 17. Bxf4 Bxf4 18. Re2 g6 19. Qh3 Re8 20. Rxe8+ Qxe8 21.
Re1 Qd8 22. Ne5 Bxe5 23. Rxe5 b5 24. Qe3 Kf7 25. Qh6 Kg8 26. g4 Qf8 27. Qxf8+
Kxf8 28. gxf5 gxf5 29. f4 Kf7 30. Bxf5 Bxf5 31. Rxf5+ Kg6 32. Re5 Kf6 33. Kf2
a5 34. Kf3 b4 35. c4 dxc4 36. Rc5 c3 37. bxc3 Ra6 38. Ke4 bxc3 39. Rxc3 Rb6 40.
a4 Rb4 41. Rxc6+ Ke7 42. Rc7+ Ke6 43. Rxh7 Rxa4 44. f5+ Kf6 45. Rh6+ 1-0

[Event "MCR mladeze 2014, Open A"]
[Site "Kouty nad Desnou"]
[Date "2014.03.12"]
[Round "6"]
[White "Walek, Petr"]
[Black "Moravec, Vit"]
[Result "1/2-1/2"]
[WhiteElo "2070"]
[BlackElo "2179"]
[PlyCount "128"]
[EventDate "2014.03.08"]

1. e4 c5 2. Nf3 Nc6 3. d4 cxd4 4. Nxd4 g6 5. c4 Bg7 6. Be3 d6 7. Nc3 Nf6 8. Be2
Nxd4 9. Qxd4 O-O 10. Qd2 Bd7 11. O-O Bc6 12. f3 a5 13. b3 Nd7 14. Rfc1 Nc5 15.
Rab1 Qb6 16. Rc2 Rfc8 17. Bf1 Qd8 18. Qf2 Qf8 19. a3 f5 20. b4 axb4 21. axb4
Na4 22. Nd5 fxe4 23. fxe4 e6 24. Qxf8+ Bxf8 25. Nf6+ Kg7 26. b5 Be8 27. Rf2 Bf7
28. e5 dxe5 29. Nd7 Rc7 30. Nxe5 Bc5 31. Bxc5 Nxc5 32. b6 Re7 33. g3 Nd7 34.
Nxd7 Rxd7 35. c5 Be8 36. Bb5 Rd5 37. c6 bxc6 38. b7 Rb8 39. Bxc6 Rc5 40. Ra2
Rxc6 41. Ra8 Rc1+ 42. Rxc1 Rxb7 43. Rac8 g5 44. R8c7+ Rxc7 45. Rxc7+ Kf6 46.
Kf2 h6 47. Ke3 Bg6 48. Kd4 Bf5 49. Rb7 Bh3 50. Rh7 Kg6 51. Rh8 Kg7 52. Rb8 Kf6
53. Rf8+ Kg6 54. Ke5 Kg7 55. Rf2 Kg6 56. Rb2 h5 57. Rb8 h4 58. Rg8+ Kh5 59. Kf6
hxg3 60. hxg3 Kg4 61. Rxg5+ Kf3 62. Ke5 Bg4 63. Rxg4 Kxg4 64. Kxe6 Kxg3 1/2-1/2

[Event "MCR mladeze 2014, Open A"]
[Site "Kouty nad Desnou"]
[Date "2014.03.12"]
[Round "6"]
[White "Havlik, Jindrich"]
[Black "Pycha, Patrik"]
[Result "1/2-1/2"]
[WhiteElo "2117"]
[BlackElo "1997"]
[PlyCount "93"]
[EventDate "2014.03.08"]

1. d4 d5 2. Nf3 Nf6 3. e3 e6 4. Bd3 Bd6 5. O-O O-O 6. b3 c5 7. Bb2 Nc6 8. a3
Qc7 9. Nbd2 e5 10. dxe5 Nxe5 11. Nxe5 Bxe5 12. Bxe5 Qxe5 13. c4 Rd8 14. Qc2 b6
15. Nf3 Qh5 16. cxd5 Rxd5 17. e4 Rd8 18. e5 Ng4 19. Be4 Rb8 20. Rfe1 Bb7 21. h3
Bxe4 22. Qxe4 Nh6 23. e6 fxe6 24. Qxe6+ Qf7 25. Qxf7+ Nxf7 26. Re7 b5 27. Rxa7
c4 28. bxc4 bxc4 29. Rc7 Rdc8 30. Rxc8+ Rxc8 31. Kf1 Nd6 32. Nd4 Ne4 33. f3
Nd2+ 34. Ke1 Nb3 35. Nxb3 cxb3 36. Rb1 Rc2 37. Rxb3 Rxg2 38. Kd1 Rh2 39. a4
Rxh3 40. Ra3 Rh6 41. a5 Ra6 42. Kd2 Kf7 43. Kc3 Kg6 44. Kb4 h5 45. Kb5 Rf6 46.
Rc3 Rf5+ 47. Kb6 1/2-1/2

[Event "MCR mladeze 2014, Open A"]
[Site "Kouty nad Desnou"]
[Date "2014.03.12"]
[Round "6"]
[White "Novak, Jiri"]
[Black "Hrdina, Robin"]
[Result "1/2-1/2"]
[WhiteElo "1869"]
[BlackElo "2076"]
[PlyCount "57"]
[EventDate "2014.03.08"]

1. e4 c5 2. c4 Nc6 3. Nc3 g6 4. g3 Bg7 5. Bg2 d6 6. Nge2 e6 7. d3 Nge7 8. O-O
O-O 9. Rb1 b6 10. a3 Bb7 11. b4 Qd7 12. Be3 Rfd8 13. Qc1 Nd4 14. Bh6 Bh8 15. h4
Nec6 16. h5 Ne5 17. Rd1 Rab8 18. hxg6 hxg6 19. Nxd4 cxd4 20. Ne2 Ng4 21. Bf4
Nf6 22. Bh3 Qe8 23. Qd2 e5 24. Bg5 Bg7 25. Kg2 Kf8 26. Rh1 Qc6 27. b5 Qc5 28.
Ra1 Ke7 29. Qb4 1/2-1/2

[Event "MCR mladeze 2014, Open A"]
[Site "Kouty nad Desnou"]
[Date "2014.03.12"]
[Round "6"]
[White "Simunek, Filip"]
[Black "Bartos, Vaclav"]
[Result "1-0"]
[WhiteElo "2176"]
[BlackElo "1746"]
[PlyCount "75"]
[EventDate "2014.03.08"]

1. d4 {0} Nf6 {0} 2. Nf3 g6 3. c4 Bg7 4. Nc3 O-O 5. e4 d6 6. Be2 e5 7. O-O Nc6
8. d5 Ne7 9. Ne1 Ne8 10. Be3 f5 11. f3 Nf6 12. Rc1 f4 13. Bf2 g5 14. c5 Ng6 15.
cxd6 cxd6 16. Nb5 Rf7 17. Nxa7 Bd7 18. Qb3 g4 19. Qb6 Qe7 20. Qxb7 Rxa7 21.
Qxa7 g3 22. Bb6 Bf8 23. Kh1 Nxd5 24. exd5 Qh4 25. Bg1 Bb5 26. Qxf7+ Kxf7 27.
Bxb5 gxh2 28. Bb6 Ne7 29. Bd8 Bg7 30. Bd7 Bf6 31. Be6+ Kg6 32. Bxe7 Bxe7 33.
Nd3 e4 34. fxe4 Bg5 35. Bf5+ Kg7 36. Rc7+ Kf8 37. Rxh7 Bh6 38. Rc1 1-0

[Event "MCR mladeze 2014, Open A"]
[Site "Kouty nad Desnou"]
[Date "2014.03.12"]
[Round "6"]
[White "Skorepa, Tomas"]
[Black "Richterova, Natasa"]
[Result "0-1"]
[WhiteElo "1783"]
[BlackElo "2036"]
[PlyCount "108"]
[EventDate "2014.03.08"]

1. d4 d6 2. c4 e5 3. dxe5 dxe5 4. Qxd8+ Kxd8 5. Nf3 f6 6. Nc3 c6 7. b3 Kc7 8.
Bb2 Bf5 9. O-O-O Nd7 10. Nh4 Be6 11. e3 Nh6 12. h3 a5 13. Be2 Nc5 14. Nf3 a4
15. Nd2 Be7 16. Nde4 Nxe4 17. Nxe4 Nf7 18. Nc3 axb3 19. axb3 Bb4 20. Kc2 Nd6
21. Bd3 h5 22. Ra1 Nf5 23. Rxa8 Rxa8 24. Ra1 Rxa1 25. Bxa1 Nh4 26. Bf1 Bf5+ 27.
Kd1 Kb6 28. Bb2 Ka5 29. e4 Be6 30. Kc2 Bc5 31. f3 Ng6 32. Na4 Bb4 33. Bc3 Nf4
34. Nc5 Bc8 35. Nd3 Nxd3 36. Bxd3 c5 37. h4 Kb6 38. Be2 Kc6 39. Bxb4 cxb4 40.
Kd2 Kc5 41. Kc2 Kd4 42. Kd2 Be6 43. Bd3 Kc5 44. Kc2 b6 45. Be2 Kd4 46. Kd2 g5
47. hxg5 fxg5 48. Bd3 g4 49. Be2 g3 50. f4 exf4 51. Bxh5 Kxe4 52. Bf3+ Kd4 53.
Bb7 Bg4 54. Bc6 f3 0-1

[Event "MCR mladeze 2014, Open A"]
[Site "Kouty nad Desnou"]
[Date "2014.03.12"]
[Round "6"]
[White "Machalik, Marek"]
[Black "Bocek, Tadeas"]
[Result "0-1"]
[WhiteElo "1949"]
[BlackElo "1811"]
[PlyCount "58"]
[EventDate "2014.03.08"]

1. e4 c5 2. Nc3 Nc6 3. f4 g6 4. Nf3 Bg7 5. Bb5 Nd4 6. O-O Nxb5 7. Nxb5 Nf6
8. Nc3 d6 9. d3 O-O 10. Qe1 Bd7 11. Qh4 e6 12. f5 exf5 13. Bg5 h6 14. Bxh6 Ng4
15. Bxg7 Kxg7 16. Qxd8 Raxd8 17. Rae1 Rfe8 18. h3 Ne5 19. Nd2 b6 20. exf5 Bxf5
21. Nde4 d5 22. Ng3 Bc8 23. Kf2 Ba6 24. Nge2 Bxd3 25. cxd3 Nxd3+ 26. Kf3 Nxe1+
27. Rxe1 d4 28. Ne4 d3 29. N2c3 f5 0-1

[Event "MCR mladeze 2014, Open A"]
[Site "Kouty nad Desnou"]
[Date "2014.03.12"]
[Round "6"]
[White "Sosovicka, Jakub"]
[Black "Sabolova, Kristyna"]
[Result "0-1"]
[WhiteElo "1677"]
[BlackElo "1861"]
[PlyCount "81"]
[EventDate "2014.03.08"]

1. e4 c6 2. d4 d5 3. exd5 cxd5 4. Bd3 Nc6 5. c3 Nf6 6. h3 Qc7 7. Nf3 g6 8. O-O
Bf5 9. Re1 Bxd3 10. Qxd3 Bg7 11. Nbd2 O-O 12. Ne5 Rfe8 13. Ndf3 Ne4 14. Bf4 Qc8
15. Nd2 Nxd2 16. Qxd2 f6 17. Nd3 b6 18. Nb4 Nxb4 19. cxb4 Qd7 20. Rac1 e5 21.
Bg3 a5 22. Red1 Red8 23. Rc2 Qe7 24. a3 axb4 25. axb4 Ra4 26. Re1 Rxb4 27. Bh4
Qf8 28. Qc3 Rxd4 29. Bg3 Rc4 30. Qb3 Rxc2 31. Qxc2 Qc5 32. Qb3 b5 33. Rd1 Qc4
34. Qe3 d4 35. Qd2 Rc8 36. f3 b4 37. Be1 Qc2 38. Qxc2 Rxc2 39. b3 Bf8 40. Kf1
Rb2 41. Rd2 {necitelny zapis} 0-1

[Event "MCR mladeze 2014, Open A"]
[Site "Kouty nad Desnou"]
[Date "2014.03.12"]
[Round "6"]
[White "Tuma, Jan"]
[Black "Bobek, Daniel"]
[Result "1/2-1/2"]
[WhiteElo "1835"]
[BlackElo "1707"]
[PlyCount "54"]
[EventDate "2014.03.08"]

1. e4 c6 2. d4 d5 3. e5 Bf5 4. Nf3 e6 5. Be2 c5 6. Be3 Ne7 7. O-O Nec6 8. c4
cxd4 9. Bxd4 dxc4 10. Bxc4 Be7 11. Nc3 a6 12. Qa4 O-O 13. Rfd1 Nd7 14. Bd3 b5
15. Qb3 Nxd4 16. Nxd4 Bxd3 17. Nxe6 fxe6 18. Qxe6+ Kh8 19. Rxd3 Nc5 20. Rxd8
Nxe6 21. Rd7 Bc5 22. Ne4 Rfd8 23. Nxc5 Nxc5 24. Re7 Re8 25. Rxe8+ Rxe8 26. Rd1
Ne6 27. g3 Kg8 1/2-1/2

[Event "MCR mladeze 2014, Open A"]
[Site "Kouty nad Desnou"]
[Date "2014.03.12"]
[Round "6"]
[White "Zilavy, Jan"]
[Black "Kabelka, Ondrej"]
[Result "1-0"]
[WhiteElo "1816"]
[BlackElo "1673"]
[PlyCount "75"]
[EventDate "2014.03.08"]

1. e4 e6 2. d4 d5 3. Nd2 Nc6 4. c3 Nf6 5. e5 Nd7 6. Bd3 f6 7. Qh5+ Ke7 8. Ndf3
Qe8 9. Qh3 h6 10. Ne2 Kd8 11. Nf4 Nb6 12. Ng6 Rg8 13. exf6 gxf6 14. Nxf8 Qxf8
15. Qxh6 Qxh6 16. Bxh6 Rxg2 17. Bf4 Rg8 18. h4 Rh8 19. h5 e5 20. dxe5 Bg4 21.
Nd4 fxe5 22. Nxc6+ bxc6 23. Bxe5 Re8 24. f4 Nd7 25. Kf2 Nxe5 26. fxe5 Rxe5 27.
h6 Ke7 28. h7 Rh8 29. Rag1 Be6 30. Rg7+ Kd6 31. Rh6 Kc5 32. Rgg6 Bf7 33. Rg8
Re8 34. Rxe8 Bxe8 35. Kg3 d4 36. Kg4 dxc3 37. bxc3 Kd5 38. Kf5 1-0

[Event "MCR mladeze 2014, Open A"]
[Site "Kouty nad Desnou"]
[Date "2014.03.12"]
[Round "6"]
[White "Vaculik, Jakub"]
[Black "Kotyk, Vaclav"]
[Result "1/2-1/2"]
[WhiteElo "2026"]
[BlackElo "1851"]
[PlyCount "32"]
[EventDate "2014.03.08"]

1. d4 Nf6 2. Nf3 d5 3. c4 c6 4. Nc3 e6 5. Bg5 dxc4 6. a4 Bb4 7. Qc2 Nbd7 8. Nd2
h6 9. Bh4 e5 10. e3 O-O 11. dxe5 Nxe5 12. Nxc4 Qe7 13. Nxe5 Qxe5 14. Bg3 Qa5
15. Bd3 Nd5 16. Rc1 Be6 1/2-1/2

[Event "MCR mladeze 2014, Open A"]
[Site "Kouty nad Desnou"]
[Date "2014.03.12"]
[Round "6"]
[White "Macek, Oldrich"]
[Black "Zemkova, Klara"]
[Result "0-1"]
[WhiteElo "1672"]
[BlackElo "1730"]
[PlyCount "62"]
[EventDate "2014.03.08"]

1. e4 e6 2. d4 d5 3. e5 c5 4. c3 Nc6 5. Nf3 Qb6 6. a3 Nh6 7. b4 cxb4 8. cxb4
Nf5 9. Be3 Be7 10. Nc3 Bd7 11. Na4 Qd8 12. Bd3 b6 13. O-O g5 14. Nc3 Rc8 15.
Bxf5 exf5 16. Nxd5 f4 17. Bc1 Bg4 18. Nf6+ Bxf6 19. exf6 Qxf6 20. Qe1+ Kf8 21.
Ne5 Be6 22. Bb2 Nxe5 23. Qxe5 Qxe5 24. dxe5 Rc2 25. Bd4 Kg7 26. f3 Rd8 27. Rfd1
Kg6 28. h3 Bb3 29. Kh2 Rc4 30. Rab1 Bxd1 31. Rxd1 Rcxd4 0-1

[Event "MCR mladeze 2014, Open A"]
[Site "Kouty nad Desnou"]
[Date "2014.03.12"]
[Round "6"]
[White "Zuziak, Petr"]
[Black "Ptacek, Jan"]
[Result "1-0"]
[WhiteElo "1726"]
[BlackElo "1621"]
[PlyCount "57"]
[EventDate "2014.03.08"]

1. e4 e5 2. Nf3 Nc6 3. d3 Bc5 4. g3 d6 5. Bg2 Nf6 6. O-O Be6 7. h3 Qd7 8.
Ng5 h6 9. Nxe6 fxe6 10. Nd2 O-O 11. c3 Nh7 12. b4 Bb6 13. Nc4 Qe7 14. a4 Qf7
15. Qe2 a6 16. Nxb6 cxb6 17. Be3 Qc7 18. Qg4 Rf6 19. f4 exf4 20. gxf4 Nf8 21.
Kh1 d5 22. exd5 exd5 23. Bxd5+ Kh8 24. Rg1 Rg6 25. Qf3 Re8 26. Be4 Rd6 27. Qg3
Rd7 28. f5 Qd8 29. Bxh6 1-0

[Event "MCR mladeze 2014, Open A"]
[Site "Kouty nad Desnou"]
[Date "2014.03.12"]
[Round "6"]
[White "Korsa, Jiri"]
[Black "Ferkova, Dominika"]
[Result "1/2-1/2"]
[WhiteElo "1716"]
[BlackElo "1590"]
[PlyCount "86"]
[EventDate "2014.03.08"]

1. e4 e5 2. Nf3 Nc6 3. Bc4 Bc5 4. d3 Nf6 5. O-O O-O 6. c3 d6 7. Re1 Bg4 8. Nbd2
Na5 9. Bb5 a6 10. Ba4 Ba7 11. Nf1 b5 12. Bc2 h6 13. Ng3 Nc6 14. h3 Be6 15. Kf1
Qd7 16. Be3 Bxe3 17. Rxe3 Rfe8 18. Nh4 d5 19. exd5 Nxd5 20. Re1 Nf4 21. d4 exd4
22. Bf5 Bc4+ 23. Kg1 Rxe1+ 24. Qxe1 Qd8 25. Qe4 Qxh4 26. Qxc6 Qd8 27. Qe4 Nd5
28. Qxd4 Nf6 29. Qxd8+ Rxd8 30. b3 Bd5 31. Rd1 Rd6 32. Bd3 Kf8 33. Nf5 Rd7 34.
Bc2 c5 35. Kf1 c4 36. b4 Bc6 37. Rxd7 Bxd7 38. Ne3 Bc6 39. g3 Ne4 40. Bxe4 Bxe4
41. Ke2 Ke7 42. f3 Bd3+ 43. Kd2 Kd6 {Necitelny zapis} 1/2-1/2

[Event "MCR mladeze 2014, Open A"]
[Site "Kouty nad Desnou"]
[Date "2014.03.12"]
[Round "6"]
[White "Kovarik, Matyas"]
[Black "Brozova, Renata"]
[Result "1-0"]
[WhiteElo "1584"]
[BlackElo "1712"]
[PlyCount "127"]
[EventDate "2014.03.08"]

1. e4 c6 2. d4 d5 3. exd5 cxd5 4. Bd3 Nf6 5. Nf3 Bg4 6. O-O e6 7. Bf4 Nc6 8. c3
Ne4 9. Re1 Qf6 10. Bxe4 dxe4 11. Rxe4 Bf5 12. Be5 Nxe5 13. dxe5 Qd8 14. Qxd8+
Rxd8 15. Rd4 Be7 16. Rxd8+ Bxd8 17. Na3 O-O 18. Rd1 Bc7 19. Rd7 Rd8 20. Rxd8+
Bxd8 21. Nb5 Bb1 22. a3 a6 23. Nd6 b5 24. Nd2 Bd3 25. Nb3 Bb6 26. Nd4 g5 27.
Nc6 h5 28. Nb4 Be2 29. Ne4 a5 30. Nc6 b4 31. axb4 axb4 32. Nxb4 Bc7 33. Nc6 Bb5
34. Nd4 Ba6 35. Nxg5 Bxe5 36. Ngf3 Bf6 37. b4 Kf8 38. b5 Bb7 39. c4 Ke8 40. Kf1
Kd7 41. Nb3 Kc7 42. c5 Bc3 43. Nfd2 Bd5 44. f3 f5 45. Ke2 e5 46. Kd3 Bb4 47.
Ke3 Bc3 48. Kf2 h4 49. Ke2 Bb4 50. Kd3 Kb7 51. Nc4 e4+ 52. Kd4 exf3 53. gxf3
Bxf3 54. Nd6+ Kc7 55. Nxf5 Be1 56. b6+ Kd7 57. Ke5 h3 58. Nbd4 Bb7 59. Nd6 Ba6
60. c6+ Kd8 61. Ne6+ Ke7 62. Nf5+ Kf7 63. b7 Bc3+ 64. Ned4 1-0

[Event "MCR mladeze 2014, Open A"]
[Site "Kouty nad Desnou"]
[Date "2014.03.12"]
[Round "6"]
[White "Dumkova, Daniela"]
[Black "Miklasova, Emma"]
[Result "1-0"]
[WhiteElo "1645"]
[BlackElo "1590"]
[PlyCount "79"]
[EventDate "2014.03.08"]

1. e4 e5 2. Nf3 Nc6 3. Nc3 Nf6 4. d3 d5 5. Bg5 Bb4 6. exd5 Qxd5 7. Qd2 Qe6 8.
O-O-O Nd5 9. Kb1 Nxc3+ 10. bxc3 Ba3 11. Ka1 O-O 12. d4 exd4 13. cxd4 Nb4 14. c3
Na6 15. Bf4 Bd6 16. Ne5 Bxe5 17. Bxe5 Qc6 18. Bxa6 bxa6 19. d5 Qc5 20. Qd4 Qxd4
21. Rxd4 Re8 22. Bxc7 Re2 23. Bg3 Bf5 24. Rc1 Rd8 25. d6 Be6 26. Ra4 Bc8 27. c4
Re4 28. Ra5 f5 29. c5 f4 30. Bh4 Rd7 31. Be7 Re5 32. Ra4 g5 33. c6 Rexe7 34.
dxe7 Rxe7 35. c7 Kf7 36. Rd4 Re8 37. Rd8 h6 38. Rcd1 a5 39. Rxe8 Kxe8 40. Rd8+
1-0

[Event "MCR mladeze 2014, Open A"]
[Site "Kouty nad Desnou"]
[Date "2014.03.13"]
[Round "7"]
[White "Horak, Jiri"]
[Black "Kislinsky, Alexey"]
[Result "1-0"]
[WhiteElo "2150"]
[BlackElo "2500"]
[PlyCount "109"]
[EventDate "2014.??.??"]

1. d4 d6 2. g3 c5 3. dxc5 Qa5+ 4. Nc3 Qxc5 5. Bg2 Nf6 6. Nf3 g6 7. O-O Bg7 8.
Qd4 Qxd4 9. Nxd4 a6 10. Rd1 Nbd7 11. a4 h5 12. h3 Rb8 13. a5 Nc5 14. b4 Ne6 15.
Be3 Bd7 16. Na4 Nxd4 17. Bxd4 Bc6 18. c4 Bxg2 19. Kxg2 h4 20. g4 e5 21. Be3 Ke7
22. c5 d5 23. g5 Ne4 24. Rxd5 Rh5 25. Rad1 Nxg5 26. Rd7+ Ke8 27. c6 bxc6 28.
Ba7 Rb5 29. Nc3 Ne6 30. Nxb5 cxb5 31. Bc5 Rg5+ 32. Kf1 Bf8 33. Bxf8 Kxf8 34. e3
Rf5 35. Ra7 Ng5 36. Kg2 Ne4 37. f3 Ng5 38. Rf1 Rf6 39. f4 exf4 40. Rxf4 Rc6 41.
Rxh4 Kg7 42. Rf4 Kh6 43. h4 Ne6 44. Rfxf7 g5 45. Rh7+ Kg6 46. h5+ Kf5 47. Rhf7+
Kg4 48. h6 Nd8 49. Rf8 Rc2+ 50. Rf2 Rc8 51. Rxa6 Rc7 52. Rg6 Rh7 53. Rf8 Nc6
54. Rxc6 Rxh6 55. Rc5 1-0

[Event "MCR mladeze 2014, Open A"]
[Site "Kouty nad Desnou"]
[Date "2014.03.13"]
[Round "7"]
[White "Haring, Filip"]
[Black "Vecera, Petr"]
[Result "1-0"]
[WhiteElo "1791"]
[BlackElo "2068"]
[PlyCount "59"]
[EventDate "2014.??.??"]

1. e4 c5 2. Nf3 Nc6 3. d4 cxd4 4. Nxd4 g6 5. Nc3 Bg7 6. Be3 Nf6 7. Bc4 Qa5 8.
O-O O-O 9. Bb3 d6 10. h3 Bd7 11. Re1 Rfe8 12. Qd3 Rac8 13. Rad1 a6 14. Qf1 Nxd4
15. Bxd4 Bc6 16. Nd5 Nxd5 17. Bxg7 Kxg7 18. exd5 Bb5 19. c4 Bd7 20. Rd4 b5 21.
Rde4 Kf8 22. Qe2 Qd8 23. Qe3 Kg7 24. Rh4 h5 25. Rxh5 gxh5 26. Qg5+ Kh7 27. Bc2+
f5 28. Bxf5+ Bxf5 29. Qxf5+ Kg7 30. Re6 1-0

[Event "MCR mladeze 2014, Open A"]
[Site "Kouty nad Desnou"]
[Date "2014.03.13"]
[Round "7"]
[White "Vojta, Tomas"]
[Black "Peterson, Eric"]
[Result "1-0"]
[WhiteElo "2343"]
[BlackElo "2237"]
[PlyCount "73"]
[EventDate "2014.??.??"]

1. e4 e6 2. Qe2 e5 3. Nf3 Nc6 4. g3 Bc5 5. Bg2 Nf6 6. c3 Qe7 7. O-O a5 8. Na3
O-O 9. Nc2 b6 10. d3 Ba6 11. Nh4 Qe6 12. Be3 Rad8 13. Bxc5 bxc5 14. Ne3 Ne7 15.
c4 Nc6 16. Qd2 Rb8 17. Nd5 Ne8 18. b3 Nb4 19. Rae1 f6 20. f4 exf4 21. gxf4 Qg4
22. Nf5 Nxd5 23. cxd5 Nd6 24. Nxd6 cxd6 25. Re3 Rb4 26. Kh1 Qh5 27. Bh3 Qf7 28.
Rg1 a4 29. Reg3 axb3 30. Qg2 g6 31. Bf5 b2 32. Bxg6 b1=Q 33. Bh5+ Kh8 34. Bxf7
Rbb8 35. Rg7 Qxg1+ 36. Qxg1 Bxd3 37. Rxh7+ 1-0

[Event "MCR mladeze 2014, Open A"]
[Site "Kouty nad Desnou"]
[Date "2014.03.13"]
[Round "7"]
[White "Vanka, Miloslav"]
[Black "Melichar, Vojtech"]
[Result "0-1"]
[WhiteElo "2145"]
[BlackElo "1952"]
[PlyCount "68"]
[EventDate "2014.??.??"]

1. d4 Nf6 2. Bg5 Ne4 3. Bf4 c5 4. f3 Qa5+ 5. c3 Nf6 6. d5 Qb6 7. b3 d6 8. e4 e6
9. Na3 exd5 10. exd5 Be7 11. Nc4 Qd8 12. a4 O-O 13. Kf2 b6 14. Bd3 Bb7 15. Ne3
Nh5 16. Bg3 Bg5 17. Nh3 Nxg3 18. hxg3 Bxe3+ 19. Kxe3 Nd7 20. Nf4 h6 21. Kf2 Ne5
22. Bc2 Re8 23. Qd2 Qf6 24. Rad1 a6 25. Rh5 Bc8 26. Rdh1 Bd7 27. Kg1 Re7 28.
R5h3 Bxh3 29. Rxh3 Rae8 30. Be4 Ng6 31. Rh5 Nxf4 32. gxf4 b5 33. axb5 axb5 34.
Qe1 Qxf4 0-1

[Event "MCR mladeze 2014, Open A"]
[Site "Kouty nad Desnou"]
[Date "2014.03.13"]
[Round "7"]
[White "Malinovsky, Petr"]
[Black "Havlik, Jindrich"]
[Result "0-1"]
[WhiteElo "2008"]
[BlackElo "2117"]
[PlyCount "107"]
[EventDate "2014.??.??"]

1. c4 e6 2. Nc3 b6 3. e4 Bb4 4. Nge2 Bb7 5. a3 Be7 6. d4 c6 7. d5 cxd5 8. cxd5
exd5 9. Nxd5 Nf6 10. Nec3 Nxd5 11. Nxd5 O-O 12. Be2 Bd6 13. Be3 Re8 14. O-O Kh8
15. h3 Be5 16. Rb1 Nc6 17. f4 Bb8 18. Bd3 Bd6 19. Bc2 Bc5 20. Bxc5 bxc5 21. Bd3
Nd4 22. Nc3 Qc8 23. b3 Ba6 24. Nd5 Bxd3 25. Qxd3 Rb8 26. b4 d6 27. Rbc1 Qe6 28.
Rfe1 Rec8 29. Rc4 f5 30. bxc5 dxc5 31. Nc3 Rb3 32. e5 Rxa3 33. Qf1 Nc2 34. Nb1
Ne3 35. Qf3 Nxc4 36. Nxa3 Nd2 37. Qd3 Ne4 38. Rc1 Qa2 39. Rc2 Qa1+ 40. Kh2 h5
41. Qd7 Rf8 42. Qe7 Kg8 43. Qe6+ Kh7 44. Qb3 h4 45. Nb1 Qd4 46. Qf3 g6 47. Rc1
Rd8 48. Nc3 Qd2 49. Nxe4 fxe4 50. Qc3 Qxf4+ 51. Kh1 e3 52. Qxc5 e2 53. Qc7+ Kh6
54. Qxd8 0-1